Online Catalogue and eLibrary

Rape and victims of rape : (Record no. 2914)

MARC details
000 -LEADER
fixed length control field 00444nam a2200169Ia 4500
005 - DATE AND TIME OF LATEST TRANSACTION
control field 20240606023431.0
008 - FIXED-LENGTH DATA ELEMENTS--GENERAL INFORMATION
fixed length control field 240331s9999 xx 000 0 und d
020 ## - INTERNATIONAL STANDARD BOOK NUMBER
ISBN 8185119198
082 ## - DDC Classification
Item Number - Author Mark VEE
Class No. 362
100 ## - MAIN ENTRY--PERSONAL NAME
Personal name Veeraraghavan, V
245 #0 - TITLE STATEMENT
Title Rape and victims of rape :
Remainder of title a socio-psychological analysis
260 ## - PUBLICATION, DISTRIBUTION, ETC.
Place of publication, distribution, etc. New Delhi
Name of publisher, distributor, etc. Northern Book Centre
Date of publication, distribution, etc. 1987
300 ## - PHYSICAL DESCRIPTION
Extent (e.g. Volumes, Pages etc.) 126 p.,
650 ## - SUBJECT ADDED ENTRY--TOPICAL TERM
Topical term or geographic name entry element Rape
650 ## - SUBJECT ADDED ENTRY--TOPICAL TERM
Topical term or geographic name entry element Sexual Abuse
942 ## - Koha item type (Biblio)
Koha item type Books in Stacks (Lending)
Holdings
Lost status Damaged status Collection code Home library Current library Shelving location Date acquired Full call number Accession Number Item type
    Lending WERC Library WERC Library Social Science Cupboard 03/31/2024 362.8 VEE 3549 Books in Stacks (Lending)

© WERC Library